000 00567nam#a22002295a#4500
001 945
245 1 0 _aVida estamos en paz :
_bAntología /
_cAmado Nervo.
250 _a1ª ed.
260 _aRosario :
_bAmeghino,
_c1997.
300 _a125 p. ;
_c21 cm.
505 0 _aContiene información bibliográfica
020 _a9879216016
100 1 _aNervo, Amado.
080 _a82-82
084 _aN44
653 _aPoesía
040 _aAR-ClEAG
_cAR-ClEAG
008 091005s1997####xx#####g######001#pdspa#d
005 20241107184652.0
003 AR-ClEAG
942 _cBK
999 _c945
_d945
980 _62
_aEvangelina Gallicchio
_82
_gEvangelina Gallicchio